000 00695nam a2200205 i 4500
001 25051
003 ES-MaACL
005 20250730063052.0
007 t|
008 021220s1966 sp ||||1| spa d
100 1 _aAraciel, Diego de,
_d1922-1999
_922147
245 1 0 _aDe la madera de los sueños
_b: poemas /
_cDiego de Araciel ; introducción de Alfonso de Castilla... ; carta preliminar... Gabriel Elorriaga.
260 _aMadrid :
_bS.O.L.,
_c1966.
300 _a108 p., 1 lám. ;
_c21 cm.
700 1 _aCastilla, Alfonso de.
_936642
700 1 _aElorriaga, Gabriel.
_947081
852 _aES-MaACL
_jC-29371
_bR.59716
852 _aES-MaACL
_jC-30485
999 _c25051
_d25051